[Event "C14Blitz"]
[Site "?"]
[Date "2021.08.26"]
[Round "13.1"]
[White "Madej, Marek"]
[Black "Klimkowski, Jan"]
[Result "1/2-1/2"]
[BlackElo "1945"]
[WhiteElo "1688"]
[LiveChessVersion "1.4.4"]

1. e4 {[%clk 0:03:02]} c5 {[%clk 0:03:03]} 2. Nc3 {[%clk 0:03:03]} Nc6
{[%clk 0:03:02]} 3. Nge2 {[%clk 0:03:03]} g6 {[%clk 0:02:42]} 4. d4
{[%clk 0:02:44]} cxd4 {[%clk 0:02:43]} 5. Nxd4 {[%clk 0:02:45]} Bg7
{[%clk 0:02:44]} 6. Be3 {[%clk 0:02:46]} Nf6 {[%clk 0:02:42]} 7. Be2
{[%clk 0:02:39]} O-O {[%clk 0:02:38]} 8. Qd2 {[%clk 0:02:28]} d5 {[%clk 0:02:24]}
9. exd5 {[%clk 0:02:15]} Nxd5 {[%clk 0:02:24]} 10. Nxd5 {[%clk 0:02:16]} Nxd4
{[%clk 0:01:44]} 11. Bxd4 {[%clk 0:02:10]} Qxd5 {[%clk 0:01:44]} 12. Bxg7
{[%clk 0:02:05]} Qxd2+ {[%clk 0:01:12]} 13. Kxd2 {[%clk 0:02:05]} Kxg7
{[%clk 0:01:12]} 14. Bf3 {[%clk 0:01:58]} Bf5 {[%clk 0:01:12]} 15. Rad1
{[%clk 0:01:53]} Rac8 {[%clk 0:01:10]} 16. c3 {[%clk 0:01:54]} b5
{[%clk 0:01:07]} 17. Rhe1 {[%clk 0:01:26]} Rfd8+ {[%clk 0:00:43]} 18. Kc1
{[%clk 0:01:24]} Rxd1+ {[%clk 0:00:40]} 19. Kxd1 {[%clk 0:01:03]} Kf6
{[%clk 0:00:39]} 20. Re2 {[%clk 0:00:48]} Be6 {[%clk 0:00:25]} 21. a3
{[%clk 0:00:38]} h5 {[%clk 0:00:20]} 22. Rd2 {[%clk 0:00:38]} h4 {[%clk 0:00:13]}
23. Rd4 {[%clk 0:00:28]} g5 {[%clk 0:00:09]} 1/2-1/2

[Event "C14Blitz"]
[Site "?"]
[Date "2021.08.26"]
[Round "13.2"]
[White "Krawczyk, Flawian"]
[Black "Raczek, Krzysztof"]
[Result "0-1"]
[BlackElo "1754"]
[WhiteElo "1665"]
[LiveChessVersion "1.4.4"]

1. d4 {[%clk 0:03:04]} Nf6 {[%clk 0:03:04]} 2. c4 {[%clk 0:03:05]} g6
{[%clk 0:03:05]} 3. Nc3 {[%clk 0:03:03]} Bg7 {[%clk 0:03:05]} 4. e4
{[%clk 0:03:04]} d6 {[%clk 0:03:07]} 5. h3 {[%clk 0:03:05]} O-O {[%clk 0:03:04]}
6. Be3 {[%clk 0:03:06]} c5 {[%clk 0:03:04]} 7. d5 {[%clk 0:03:07]} e6
{[%clk 0:03:04]} 8. Nf3 {[%clk 0:03:04]} exd5 {[%clk 0:03:04]} 9. exd5
{[%clk 0:03:04]} Re8 {[%clk 0:02:56]} 10. Bd3 {[%clk 0:03:02]} Nbd7
{[%clk 0:02:29]} 11. O-O {[%clk 0:03:01]} a6 {[%clk 0:02:30]} 12. Qd2
{[%clk 0:02:55]} Rb8 {[%clk 0:02:22]} 13. a4 {[%clk 0:02:57]} b6 {[%clk 0:02:23]}
14. Rfe1 {[%clk 0:02:53]} Nh5 {[%clk 0:02:14]} 15. Bg5 {[%clk 0:02:35]} Bf6
{[%clk 0:02:15]} 16. Rxe8+ {[%clk 0:02:32]} Qxe8 {[%clk 0:02:16]} 17. Re1
{[%clk 0:02:30]} Qf8 {[%clk 0:02:15]} 18. Ne4 {[%clk 0:02:07]} Bxg5
{[%clk 0:01:48]} 19. Qxg5 {[%clk 0:02:00]} f5 {[%clk 0:01:41]} 20. Nc3
{[%clk 0:01:22]} Ndf6 {[%clk 0:01:41]} 21. Nh4 {[%clk 0:01:17]} Ng7
{[%clk 0:01:39]} 22. Ne2 {[%clk 0:01:05]} Bd7 {[%clk 0:01:32]} 23. Nf4
{[%clk 0:00:58]} Re8 {[%clk 0:01:33]} 24. Rxe8 {[%clk 0:00:58]} Bxe8
{[%clk 0:01:17]} 25. Nf3 Bxa4 {[%clk 0:01:03]} 26. h4 {[%clk 0:00:46]} Bd7
{[%clk 0:00:54]} 27. Qh6 {[%clk 0:00:45]} Ngh5 {[%clk 0:00:52]} 28. Nxh5
{[%clk 0:00:21]} Nxh5 {[%clk 0:00:39]} 29. Qc1 {[%clk 0:00:22]} Qe7
{[%clk 0:00:31]} 30. Ng5 {[%clk 0:00:18]} Kg7 {[%clk 0:00:26]} 31. b3
{[%clk 0:00:19]} h6 {[%clk 0:00:25]} 32. Qa1+ {[%clk 0:00:17]} Qf6
{[%clk 0:00:24]} 33. Qxf6+ {[%clk 0:00:14]} Kxf6 {[%clk 0:00:25]} 34. Nf3
{[%clk 0:00:15]} Nf4 {[%clk 0:00:24]} 35. Bf1 {[%clk 0:00:16]} b5
{[%clk 0:00:25]} 36. g3 {[%clk 0:00:16]} Nh5 {[%clk 0:00:26]} 37. Kg2
{[%clk 0:00:12]} b4 {[%clk 0:00:22]} 38. Nd2 {[%clk 0:00:10]} a5 {[%clk 0:00:23]}
39. Bd3 {[%clk 0:00:08]} f4 {[%clk 0:00:22]} 40. g4 {[%clk 0:00:08]} Bxg4
{[%clk 0:00:22]} 41. Ne4+ {[%clk 0:00:08]} Ke7 {[%clk 0:00:22]} 42. Nd2
{[%clk 0:00:04]} Bf5 {[%clk 0:00:22]} 43. Bxf5 {[%clk 0:00:05]} gxf5
{[%clk 0:00:24]} 44. Kf3 {[%clk 0:00:06]} Kf6 {[%clk 0:00:23]} 45. Nb1
{[%clk 0:00:08]} Ke5 {[%clk 0:00:24]} 46. Nd2 {[%clk 0:00:08]} Kd4
{[%clk 0:00:25]} 0-1

[Event "C14Blitz"]
[Site "?"]
[Date "2021.08.26"]
[Round "13.3"]
[White "Kutowski, Marcel"]
[Black "Kusiak, Mateusz"]
[Result "0-1"]
[BlackElo "1586"]
[WhiteElo "1684"]
[LiveChessVersion "1.4.4"]

1. e4 {[%clk 0:03:04]} c5 {[%clk 0:03:03]} 2. Nf3 {[%clk 0:03:05]} Nc6
{[%clk 0:03:04]} 3. d4 {[%clk 0:03:04]} cxd4 {[%clk 0:03:05]} 4. Nxd4
{[%clk 0:03:05]} g6 {[%clk 0:03:07]} 5. c4 {[%clk 0:03:04]} Nf6 {[%clk 0:03:09]}
6. Nc3 {[%clk 0:03:05]} Nxd4 {[%clk 0:03:10]} 7. Qxd4 d6 8. Be3 {[%clk 0:02:52]}
Bg7 {[%clk 0:03:13]} 9. Be2 {[%clk 0:02:48]} O-O {[%clk 0:03:13]} 10. Qd2
{[%clk 0:02:46]} Be6 {[%clk 0:03:14]} 11. O-O {[%clk 0:02:46]} a5
{[%clk 0:03:01]} 12. b3 {[%clk 0:02:39]} a4 {[%clk 0:02:54]} 13. f3
{[%clk 0:02:35]} axb3 {[%clk 0:02:43]} 14. axb3 {[%clk 0:02:35]} Qc7
{[%clk 0:02:34]} 15. Rfc1 {[%clk 0:02:24]} Nd7 {[%clk 0:02:25]} 16. Rxa8
{[%clk 0:02:11]} Rxa8 {[%clk 0:02:26]} 17. Nd5 {[%clk 0:02:12]} Bxd5
{[%clk 0:02:20]} 18. cxd5 {[%clk 0:02:13]} Qd8 {[%clk 0:02:16]} 19. Qb4
{[%clk 0:02:08]} b6 {[%clk 0:02:08]} 20. Rc6 {[%clk 0:01:57]} h5 {[%clk 0:01:49]}
21. Rc2 {[%clk 0:01:36]} Kh7 {[%clk 0:01:40]} 22. Bb5 {[%clk 0:01:31]} Nc5
{[%clk 0:01:40]} 23. Bc6 {[%clk 0:01:32]} Ra1+ {[%clk 0:01:39]} 24. Bc1
{[%clk 0:01:16]} Nd3 {[%clk 0:01:15]} 25. Qd2 {[%clk 0:01:15]} Nxc1
{[%clk 0:01:15]} 26. Rxc1 {[%clk 0:01:14]} Bh6 {[%clk 0:01:17]} 27. Qxh6+
{[%clk 0:01:06]} Kxh6 {[%clk 0:01:16]} 28. Rxa1 {[%clk 0:01:07]} b5
{[%clk 0:01:15]} 29. Ra6 {[%clk 0:01:03]} b4 {[%clk 0:01:07]} 30. g3
{[%clk 0:00:50]} e6 {[%clk 0:01:04]} 31. Kg2 {[%clk 0:00:50]} Qf6
{[%clk 0:01:04]} 32. Ra2 {[%clk 0:00:39]} Qc3 {[%clk 0:00:56]} 33. dxe6
{[%clk 0:00:36]} fxe6 {[%clk 0:00:57]} 34. Ba4 {[%clk 0:00:37]} d5
{[%clk 0:00:56]} 35. exd5 {[%clk 0:00:35]} exd5 {[%clk 0:00:58]} 36. Kf2
{[%clk 0:00:34]} d4 {[%clk 0:00:58]} 37. Re2 {[%clk 0:00:23]} d3 {[%clk 0:00:58]}
38. Re1 {[%clk 0:00:24]} Qc2+ {[%clk 0:00:54]} 39. Ke3 {[%clk 0:00:23]} d2
{[%clk 0:00:52]} 40. Kd4 0-1

[Event "C14Blitz"]
[Site "?"]
[Date "2021.08.26"]
[Round "13.4"]
[White "Jaskiewicz, Kacper"]
[Black "Skrzypinski, Jan"]
[Result "0-1"]
[BlackElo "1506"]
[WhiteElo "1585"]
[LiveChessVersion "1.4.4"]

1. e4 {[%clk 0:03:03]} c5 {[%clk 0:03:04]} 2. Nf3 {[%clk 0:03:04]} Nc6
{[%clk 0:03:05]} 3. d4 {[%clk 0:03:06]} cxd4 {[%clk 0:03:06]} 4. Nxd4 e5 5. Nb5
{[%clk 0:03:07]} d6 {[%clk 0:03:09]} 6. c4 {[%clk 0:03:00]} a6 {[%clk 0:03:10]}
7. N5a3 {[%clk 0:03:01]} Be6 {[%clk 0:03:04]} 8. Nc3 {[%clk 0:03:02]} Be7
{[%clk 0:02:41]} 9. Be3 {[%clk 0:03:03]} Nf6 {[%clk 0:02:41]} 10. Bd3
{[%clk 0:03:02]} Ng4 {[%clk 0:02:40]} 11. Bc1 {[%clk 0:02:34]} O-O
{[%clk 0:02:33]} 12. h3 {[%clk 0:02:35]} Nf6 {[%clk 0:02:34]} 13. O-O
{[%clk 0:02:33]} Nd7 {[%clk 0:02:23]} 14. Be3 {[%clk 0:02:30]} f5
{[%clk 0:02:17]} 15. exf5 {[%clk 0:02:25]} Bxf5 {[%clk 0:02:16]} 16. Nd5
{[%clk 0:02:24]} e4 {[%clk 0:02:09]} 17. Be2 {[%clk 0:02:24]} Nde5
{[%clk 0:02:00]} 18. Nc2 {[%clk 0:02:11]} Bg5 {[%clk 0:01:46]} 19. Bb6
{[%clk 0:01:49]} Qd7 20. Nd4 Nxd4 {[%clk 0:01:34]} 21. Qxd4 {[%clk 0:01:43]} Bf6
{[%clk 0:01:28]} 22. Nxf6+ {[%clk 0:01:40]} Rxf6 {[%clk 0:01:28]} 23. Rfd1
{[%clk 0:01:29]} Bxh3 {[%clk 0:01:19]} 24. Qxe5 {[%clk 0:01:21]} dxe5
{[%clk 0:01:18]} 25. Rxd7 {[%clk 0:01:21]} Bxd7 {[%clk 0:01:19]} 26. Bc7
{[%clk 0:01:19]} Re8 {[%clk 0:01:07]} 27. Rd1 {[%clk 0:01:20]} Bc6
{[%clk 0:01:08]} 28. b4 {[%clk 0:01:21]} b5 {[%clk 0:01:06]} 29. c5
{[%clk 0:01:21]} Ref8 {[%clk 0:00:58]} 30. Bxe5 Rxf2 {[%clk 0:00:58]} 31. Bg4
{[%clk 0:00:46]} e3 {[%clk 0:00:53]} 32. Bf3 {[%clk 0:00:34]} Bxf3 33. gxf3
{[%clk 0:00:36]} R8xf3 {[%clk 0:00:43]} 34. Re1 {[%clk 0:00:35]} e2
{[%clk 0:00:42]} 35. c6 Rf1+ {[%clk 0:00:42]} 36. Kg2 {[%clk 0:00:30]} Rxe1
{[%clk 0:00:38]} 37. Kxf3 {[%clk 0:00:30]} Rc1 {[%clk 0:00:39]} 38. Kxe2
{[%clk 0:00:31]} Rxc6 {[%clk 0:00:40]} 39. Kd3 {[%clk 0:00:32]} Kf7 40. Kd4 Ke6
{[%clk 0:00:38]} 41. Bxg7 Rc4+ {[%clk 0:00:41]} 42. Kd3 {[%clk 0:00:36]} Rxb4 43.
Bf8 {[%clk 0:00:37]} Rb2 {[%clk 0:00:42]} 44. a3 {[%clk 0:00:39]} h5
{[%clk 0:00:42]} 45. Bc5 {[%clk 0:00:39]} h4 46. Bd4 {[%clk 0:00:41]} Rb3+
{[%clk 0:00:43]} 0-1

[Event "C14Blitz"]
[Site "?"]
[Date "2021.08.26"]
[Round "13.5"]
[White "Maj, Samuel"]
[Black "Grzebieniowski, Michal"]
[Result "1-0"]
[BlackElo "1459"]
[WhiteElo "1291"]
[LiveChessVersion "1.4.4"]

1. d4 Nf6 2. c4 e5 3. dxe5 {[%clk 0:03:04]} Ng4 {[%clk 0:03:07]} 4. Bf4
{[%clk 0:03:02]} Nc6 {[%clk 0:03:08]} 5. Nf3 {[%clk 0:03:02]} Bb4+
{[%clk 0:03:07]} 6. Nbd2 {[%clk 0:03:03]} Qe7 {[%clk 0:03:08]} 7. e3
{[%clk 0:02:59]} Ngxe5 {[%clk 0:03:07]} 8. Be2 {[%clk 0:02:56]} O-O
{[%clk 0:02:59]} 9. O-O {[%clk 0:02:55]} d6 {[%clk 0:02:58]} 10. Nb3
{[%clk 0:02:53]} Ng6 {[%clk 0:02:52]} 11. Bg3 {[%clk 0:02:50]} Be6
{[%clk 0:02:33]} 12. a3 {[%clk 0:02:46]} Bc5 {[%clk 0:02:34]} 13. Nfd4
{[%clk 0:02:30]} Bb6 {[%clk 0:02:11]} 14. Rc1 {[%clk 0:02:18]} Rfd8
{[%clk 0:01:58]} 15. Bf3 {[%clk 0:02:14]} Qe8 {[%clk 0:01:51]} 16. Nxc6
{[%clk 0:01:40]} bxc6 {[%clk 0:01:52]} 17. Nd4 {[%clk 0:01:36]} d5
{[%clk 0:01:37]} 18. c5 {[%clk 0:01:37]} Bxc5 {[%clk 0:01:32]} 19. Rxc5
{[%clk 0:01:37]} Bd7 {[%clk 0:01:34]} 20. Qc2 {[%clk 0:01:34]} Ne7
{[%clk 0:01:34]} 21. Bxc7 {[%clk 0:01:31]} Rdc8 {[%clk 0:01:36]} 22. Bg3
{[%clk 0:01:29]} Rab8 {[%clk 0:01:36]} 23. Bxb8 {[%clk 0:01:29]} Rxb8
{[%clk 0:01:37]} 24. b4 {[%clk 0:01:27]} g6 {[%clk 0:01:38]} 25. Rc1
{[%clk 0:01:15]} Rc8 {[%clk 0:01:39]} 26. Qa4 {[%clk 0:01:09]} Rc7
{[%clk 0:01:37]} 27. Qa5 {[%clk 0:00:58]} Rb7 {[%clk 0:01:35]} 28. Qa6
{[%clk 0:00:42]} Rc7 {[%clk 0:01:35]} 29. Nb5 {[%clk 0:00:40]} Rc8
{[%clk 0:01:28]} 30. Nd6 {[%clk 0:00:35]} Qf8 {[%clk 0:01:29]} 31. Nxc8
{[%clk 0:00:34]} Nxc8 {[%clk 0:01:30]} 32. Bxd5 {[%clk 0:00:27]} Nb6
{[%clk 0:01:29]} 33. Bxc6 {[%clk 0:00:23]} Be6 {[%clk 0:01:29]} 34. Qxa7
{[%clk 0:00:15]} Nc8 {[%clk 0:01:30]} 35. Qc7 {[%clk 0:00:15]} Kg7
{[%clk 0:01:29]} 36. Bd7 {[%clk 0:00:14]} Bxd7 {[%clk 0:01:29]} 37. Qxd7
{[%clk 0:00:14]} Ne7 {[%clk 0:01:29]} 38. Rc7 {[%clk 0:00:14]} Nf5
{[%clk 0:01:31]} 39. Ra7 {[%clk 0:00:08]} Nh6 {[%clk 0:01:29]} 40. b5
{[%clk 0:00:08]} Qb8 {[%clk 0:01:28]} 41. Qd4+ {[%clk 0:00:08]} Kg8
{[%clk 0:01:28]} 42. Rac7 {[%clk 0:00:09]} 1-0

[Event "C14Blitz"]
[Site "?"]
[Date "2021.08.26"]
[Round "13.6"]
[White "Grot, Blazej"]
[Black "Malek, Jan"]
[Result "0-1"]
[BlackElo "1752"]
[WhiteElo "1541"]
[LiveChessVersion "1.4.4"]

1. e4 {[%clk 0:03:02]} e5 {[%clk 0:03:01]} 2. Nf3 {[%clk 0:03:03]} Nc6
{[%clk 0:03:02]} 3. Bc4 {[%clk 0:03:04]} Nf6 {[%clk 0:03:01]} 4. d3
{[%clk 0:03:04]} Bc5 {[%clk 0:03:02]} 5. c3 a6 6. O-O {[%clk 0:03:01]} Ba7
{[%clk 0:03:05]} 7. Bb3 {[%clk 0:02:59]} d6 {[%clk 0:03:06]} 8. h3
{[%clk 0:02:59]} O-O {[%clk 0:03:05]} 9. Nbd2 {[%clk 0:02:59]} Nh5
{[%clk 0:02:49]} 10. Re1 {[%clk 0:02:52]} Nf4 {[%clk 0:02:47]} 11. Nf1
{[%clk 0:02:53]} Qf6 {[%clk 0:02:40]} 12. Ng3 {[%clk 0:02:43]} Ne7
{[%clk 0:02:40]} 13. Bxf4 {[%clk 0:02:42]} Qxf4 {[%clk 0:02:39]} 14. Nh5
{[%clk 0:02:31]} Qh6 {[%clk 0:02:38]} 15. Ng3 {[%clk 0:02:26]} Ng6
{[%clk 0:02:32]} 16. d4 {[%clk 0:02:26]} Be6 {[%clk 0:02:15]} 17. Bc2
{[%clk 0:02:13]} Rad8 {[%clk 0:02:09]} 18. Qe2 {[%clk 0:02:05]} Nf4
{[%clk 0:02:09]} 19. Qf1 {[%clk 0:01:55]} Rfe8 {[%clk 0:01:48]} 20. Rad1
{[%clk 0:01:52]} b5 {[%clk 0:01:40]} 21. Kh2 {[%clk 0:01:35]} f6 {[%clk 0:01:15]}
22. Rd2 {[%clk 0:01:22]} Bc4 {[%clk 0:01:03]} 23. Qg1 {[%clk 0:01:22]} Be6
{[%clk 0:01:04]} 24. Qf1 {[%clk 0:01:22]} Ng6 {[%clk 0:00:36]} 25. Red1
{[%clk 0:01:20]} Kf8 {[%clk 0:00:33]} 26. b3 {[%clk 0:01:13]} Rd7
{[%clk 0:00:25]} 27. Kg1 {[%clk 0:01:12]} Nh4 {[%clk 0:00:24]} 28. Nxh4
{[%clk 0:01:07]} Qxh4 {[%clk 0:00:25]} 29. Kh2 {[%clk 0:01:08]} Rde7
{[%clk 0:00:18]} 30. Qe2 {[%clk 0:01:06]} g6 {[%clk 0:00:18]} 31. Qf3
{[%clk 0:01:07]} Kg7 {[%clk 0:00:19]} 32. Re2 {[%clk 0:00:54]} h5
{[%clk 0:00:20]} 33. Kg1 {[%clk 0:00:50]} Bd7 {[%clk 0:00:20]} 34. Nf1
{[%clk 0:00:49]} Qg5 {[%clk 0:00:21]} 35. Ng3 {[%clk 0:00:47]} h4
{[%clk 0:00:21]} 36. Nf1 {[%clk 0:00:48]} Bc6 {[%clk 0:00:20]} 37. d5
{[%clk 0:00:47]} Bd7 {[%clk 0:00:21]} 38. Ne3 {[%clk 0:00:47]} Bxe3
{[%clk 0:00:20]} 39. Qxe3 {[%clk 0:00:47]} Qxe3 {[%clk 0:00:21]} 40. Rxe3
{[%clk 0:00:48]} f5 {[%clk 0:00:22]} 41. f3 {[%clk 0:00:46]} Kf6 {[%clk 0:00:22]}
42. Re2 {[%clk 0:00:45]} Rc8 {[%clk 0:00:21]} 43. Bd3 {[%clk 0:00:44]} c5
{[%clk 0:00:22]} 44. c4 {[%clk 0:00:44]} b4 {[%clk 0:00:23]} 45. Rb2
{[%clk 0:00:44]} a5 {[%clk 0:00:25]} 46. Ra1 {[%clk 0:00:43]} a4 {[%clk 0:00:26]}
47. a3 Rb8 {[%clk 0:00:23]} 48. bxa4 {[%clk 0:00:29]} b3 {[%clk 0:00:24]} 49. a5
{[%clk 0:00:28]} Ba4 {[%clk 0:00:25]} 50. Be2 {[%clk 0:00:27]} Kg5
{[%clk 0:00:22]} 51. Kf2 {[%clk 0:00:27]} Kf4 {[%clk 0:00:22]} 52. Bd3
{[%clk 0:00:28]} Ra7 {[%clk 0:00:22]} 53. Rab1 {[%clk 0:00:23]} Rxa5
{[%clk 0:00:22]} 54. Ra1 {[%clk 0:00:24]} Ra7 {[%clk 0:00:23]} 55. Bb1
{[%clk 0:00:24]} Bd7 {[%clk 0:00:22]} 56. Bd3 {[%clk 0:00:24]} Ba4
{[%clk 0:00:22]} 57. Bb1 {[%clk 0:00:25]} Rab7 {[%clk 0:00:20]} 58. Bd3
{[%clk 0:00:26]} Rf8 {[%clk 0:00:19]} 59. Bb1 {[%clk 0:00:25]} Ra8
{[%clk 0:00:09]} 60. Bd3 {[%clk 0:00:25]} Bd7 61. Bb1 {[%clk 0:00:25]} Kg5
{[%clk 0:00:11]} 62. Bd3 {[%clk 0:00:26]} Rb6 {[%clk 0:00:11]} 63. Ke3
{[%clk 0:00:26]} Ra4 {[%clk 0:00:11]} 64. Kf2 {[%clk 0:00:25]} Bc8
{[%clk 0:00:12]} 65. Ke3 {[%clk 0:00:25]} Ba6 66. Rab1 {[%clk 0:00:25]} Rxa3
{[%clk 0:00:14]} 67. Kd2 {[%clk 0:00:23]} Kf4 {[%clk 0:00:10]} 68. Kc3
{[%clk 0:00:22]} Rb4 {[%clk 0:00:09]} 69. exf5 {[%clk 0:00:20]} gxf5
{[%clk 0:00:10]} 70. Rxb3 {[%clk 0:00:21]} Rbxb3+ {[%clk 0:00:11]} 71. Rxb3
{[%clk 0:00:22]} Rxb3+ {[%clk 0:00:12]} 72. Kxb3 {[%clk 0:00:22]} e4
{[%clk 0:00:14]} 73. fxe4 {[%clk 0:00:23]} fxe4 {[%clk 0:00:15]} 74. Bc2 e3
{[%clk 0:00:13]} 75. Kc3 {[%clk 0:00:24]} Kg3 {[%clk 0:00:14]} 76. Kd3
{[%clk 0:00:23]} Kf2 {[%clk 0:00:15]} 77. Bd1 {[%clk 0:00:24]} Bc8
{[%clk 0:00:13]} 78. Bf3 {[%clk 0:00:24]} Bf5+ {[%clk 0:00:14]} 79. Kc3
{[%clk 0:00:20]} e2 {[%clk 0:00:15]} 80. Kd4 0-1

[Event "C14Blitz"]
[Site "?"]
[Date "2021.08.26"]
[Round "13.7"]
[White "Kejna, Piotr"]
[Black "Maslanka, Wojciech"]
[Result "1-0"]
[BlackElo "1366"]
[WhiteElo "1640"]
[LiveChessVersion "1.4.4"]

1. e4 {[%clk 0:03:03]} c6 {[%clk 0:03:00]} 2. d4 {[%clk 0:03:04]} d5
{[%clk 0:03:01]} 3. Nc3 {[%clk 0:03:04]} dxe4 {[%clk 0:03:02]} 4. Nxe4
{[%clk 0:03:05]} Nf6 {[%clk 0:03:03]} 5. Nxf6+ {[%clk 0:03:06]} exf6
{[%clk 0:03:03]} 6. c3 {[%clk 0:03:06]} Bd6 {[%clk 0:03:04]} 7. Bd3
{[%clk 0:03:05]} O-O {[%clk 0:03:03]} 8. Ne2 {[%clk 0:03:06]} Bg4
{[%clk 0:03:00]} 9. f3 {[%clk 0:02:49]} Bh5 {[%clk 0:03:01]} 10. O-O
{[%clk 0:02:47]} Qc7 {[%clk 0:03:02]} 11. h3 {[%clk 0:02:36]} Nd7
{[%clk 0:03:03]} 12. Qc2 {[%clk 0:02:35]} Bg6 {[%clk 0:03:04]} 13. f4
{[%clk 0:02:30]} Bxd3 {[%clk 0:02:58]} 14. Qxd3 {[%clk 0:02:32]} Rad8
{[%clk 0:02:58]} 15. Qf3 {[%clk 0:02:27]} f5 {[%clk 0:02:53]} 16. g4
{[%clk 0:02:18]} fxg4 {[%clk 0:02:41]} 17. hxg4 {[%clk 0:02:19]} f5
{[%clk 0:02:42]} 18. g5 {[%clk 0:02:20]} Rde8 {[%clk 0:02:36]} 19. Rf2
{[%clk 0:02:15]} Nb6 {[%clk 0:02:28]} 20. Rh2 {[%clk 0:02:13]} Nd5
{[%clk 0:02:21]} 21. c4 {[%clk 0:01:45]} Rxe2 {[%clk 0:02:21]} 22. Rxe2
{[%clk 0:01:24]} Nxf4 {[%clk 0:02:22]} 23. Re1 {[%clk 0:01:19]} h6
{[%clk 0:01:52]} 24. c5 {[%clk 0:01:18]} hxg5 {[%clk 0:01:34]} 25. cxd6
{[%clk 0:01:18]} Qxd6 {[%clk 0:01:35]} 26. Bxf4 {[%clk 0:01:06]} gxf4
{[%clk 0:01:35]} 27. Rad1 {[%clk 0:00:59]} Rf6 {[%clk 0:01:28]} 28. Kf2
{[%clk 0:00:50]} Rh6 {[%clk 0:01:28]} 29. Rh1 {[%clk 0:00:40]} Rxh1
{[%clk 0:01:28]} 30. Rxh1 {[%clk 0:00:40]} Qxd4+ {[%clk 0:01:28]} 31. Kg2
{[%clk 0:00:35]} Qxb2+ {[%clk 0:01:28]} 32. Qf2 {[%clk 0:00:36]} Qe5
{[%clk 0:00:55]} 33. Re1 {[%clk 0:00:29]} Qd5+ {[%clk 0:00:56]} 34. Kg1
{[%clk 0:00:25]} g5 {[%clk 0:00:48]} 35. Qe2 {[%clk 0:00:20]} Qc5+
{[%clk 0:00:32]} 36. Kf1 {[%clk 0:00:21]} g4 {[%clk 0:00:12]} 37. Qe8+
{[%clk 0:00:18]} Qf8 {[%clk 0:00:13]} 38. Qg6+ {[%clk 0:00:16]} Kh8
{[%clk 0:00:13]} 39. Re8 {[%clk 0:00:12]} 1-0

[Event "C14Blitz"]
[Site "?"]
[Date "2021.08.26"]
[Round "13.8"]
[White "Malinowski, Szymon"]
[Black "Trochimczuk, Szymon"]
[Result "1-0"]
[BlackElo "1105"]
[WhiteElo "1634"]
[LiveChessVersion "1.4.4"]

1. d4 {[%clk 0:03:03]} d5 {[%clk 0:03:03]} 2. Nf3 {[%clk 0:03:04]} Nf6
{[%clk 0:03:04]} 3. Bf4 {[%clk 0:03:05]} e6 {[%clk 0:02:59]} 4. e3
{[%clk 0:03:06]} c6 {[%clk 0:02:58]} 5. Bd3 {[%clk 0:03:06]} Nbd7
{[%clk 0:02:59]} 6. c3 {[%clk 0:03:07]} Be7 {[%clk 0:02:56]} 7. Nbd2
{[%clk 0:03:07]} Nh5 {[%clk 0:02:53]} 8. Be5 {[%clk 0:02:57]} f6 {[%clk 0:02:44]}
9. Bg3 {[%clk 0:02:52]} Nxg3 {[%clk 0:02:44]} 10. hxg3 {[%clk 0:02:53]} f5
{[%clk 0:02:37]} 11. Nh4 {[%clk 0:02:26]} Nf6 {[%clk 0:02:28]} 12. Ndf3
{[%clk 0:02:22]} Qc7 {[%clk 0:02:20]} 13. Ne5 {[%clk 0:02:21]} Bd7
{[%clk 0:02:13]} 14. f4 {[%clk 0:02:10]} Bd6 {[%clk 0:01:54]} 15. Qe2
{[%clk 0:01:20]} O-O-O {[%clk 0:01:45]} 16. Nf7 {[%clk 0:01:20]} Rhf8
{[%clk 0:01:38]} 17. Nxd8 {[%clk 0:01:20]} Rxd8 {[%clk 0:01:39]} 18. Nf3
{[%clk 0:01:21]} h5 {[%clk 0:01:34]} 19. Ne5 {[%clk 0:01:18]} Bxe5
{[%clk 0:01:28]} 20. fxe5 {[%clk 0:01:13]} Ne4 {[%clk 0:01:21]} 21. Bxe4
{[%clk 0:01:13]} dxe4 {[%clk 0:01:17]} 22. Rxh5 {[%clk 0:01:11]} c5
{[%clk 0:01:15]} 23. O-O-O {[%clk 0:01:08]} c4 {[%clk 0:00:59]} 24. Rdh1
{[%clk 0:01:02]} Qc6 {[%clk 0:00:54]} 25. Rh8 {[%clk 0:01:00]} Rxh8
{[%clk 0:00:50]} 26. Rxh8+ {[%clk 0:01:00]} Kc7 {[%clk 0:00:51]} 27. Rg8
{[%clk 0:01:00]} Qa4 {[%clk 0:00:47]} 28. Kb1 {[%clk 0:00:49]} b5
{[%clk 0:00:43]} 29. Rxg7 {[%clk 0:00:41]} a5 {[%clk 0:00:42]} 30. d5
{[%clk 0:00:41]} Kc8 {[%clk 0:00:26]} 31. dxe6 {[%clk 0:00:24]} Bxe6
{[%clk 0:00:27]} 32. Re7 {[%clk 0:00:24]} Bd5 {[%clk 0:00:18]} 33. Qd2
{[%clk 0:00:20]} b4 {[%clk 0:00:16]} 34. Qxd5 {[%clk 0:00:19]} bxc3
{[%clk 0:00:08]} 35. Qc5+ {[%clk 0:00:14]} Kb8 {[%clk 0:00:08]} 36. Qb6+
{[%clk 0:00:15]} 1-0

[Event "C14Blitz"]
[Site "?"]
[Date "2021.08.26"]
[Round "13.9"]
[White "Zieba, Hubert"]
[Black "Fiszer, Bartosz"]
[Result "0-1"]
[BlackElo "1928"]
[WhiteElo "1447"]
[LiveChessVersion "1.4.4"]

1. c4 b6 2. Nc3 Bb7 3. Nf3 g6 4. g3 Bg7 5. Bg2 e6 6. d4 Ne7 7. O-O d6 8. e4 Nd7
9. Be3 O-O 10. Rc1 c5 11. d5 e5 12. Nb5 Qb8 13. Qe2 a6 14. Nc3 h6 15. Nh4 Qd8 16.
f4 exf4 17. Bxf4 g5 18. Bxd6 gxh4 19. e5 hxg3 20. hxg3 Ng6 21. Bxf8 Ndxf8 22. e6
fxe6 23. dxe6 Qd4+ 24. Kh2 Bxg2 25. Kxg2 Re8 26. Rcd1 Rxe6 27. Rxd4 Rxe2+ 28.
Nxe2 cxd4 29. Rd1 Ne6 30. b4 Kf7 31. Kf3 Ne5+ 32. Ke4 Nxc4 33. Nf4 Ng5+ 34. Kd5
Ne3+ 35. Kc6 Nxd1 36. Kxb6 Bf8 37. a3 Nb2 38. Kxa6 d3 39. Nxd3 Nxd3 40. b5 Bxa3
41. b6 Bd6 42. b7 Bb8 43. Kb6 Ke6 44. Kc6 Ne4 45. g4 Ndf2 46. Kb5 Kd5 47. Kb6
Nxg4 48. Ka5 h5 49. Ka4 h4 50. Ka5 h3 51. Ka4 h2 52. Ka5 h1=B 53. Ka6 Kc6 54. Ka5
Kxb7 55. Kb5 Bf3 56. Kb4 Ba7 57. Kb5 Nd2 58. Kb4 Bd5 59. Kc3 Ne4+ 60. Kc2 Bc4 61.
Kb2 Bd4+ 62. Kc2 Kc6 63. Kc1 Bd3 64. Kd1 Bc3 65. Kc1 Nc5 66. Kd1 Ne3+ 67. Kc1
Nb3# 0-1